LEADER 01229nam a2200241 a 4500 001 000000127074 003 CaOOAMICUS 005 20111116122953.0 008 111116s1950 enkajf u000 u eng r 040 $aPUL$bita 100 1 $aKnowles, David,$d1896-$0(OLS)http://pul/name/5906 245 14$aThe monastic order in Englasd :$b a history of its development from the times of st. Dunstan to the fourth Lateran Council 943-1216 /$cby dom David Knowles. 260 $aCambridge :$bCambridge University Press,$c1950. 300 $axix, 764 p., [1] c. di tav. :$bill., tav. genealog. ;$c26 cm 504 $aInclude riferimenti bibliografici. 650 14$aMonachismo e ordini religiosi.$0(OLS)http://pul/subject/757 651 4$aInghilterra$xStoria ecclesistica$ySec. X-XIII.$0(OLS)http://pul/subject/38374 850 $aPUL 852 $aPUL$W1$xDP1 Fondo Maccarrone$y58$m1511 B 8$j146935$qFondi$B145629$CPULBib$Z2$F145629 $82 941 1 $a1 996 $6245$aThe monastic order in Englasd :$b a history of its development from the times of st. Dunstan to the fourth Lateran Council 943-1216$9(OLS)http://pul/title/160531 996 $6260$aCambridge :$bCambridge University Press$9(OLS)http://pul/publisher/50125 LEADER 01278nam a2200325 a 4500 001 000000170545 003 CaOOAMICUS 005 20181116122709.0 008 181116s2009 it u000 u ita r 020 $a978-88-10-51067-4* 032 $aLibriCat 040 $aPUL$bita 082 00$a226 100 1 $aTondo, Maria.$0(OLS)http://pul/name/109717 245 10$aCon Maria di Magdala : $bnel giardino del Risorto / $cMaria Tondo . 260 $aBologna :$bEdizioni Dehoniane,$cİ2009. 300 $a203 p. ;$c21 cm. 490 1 $aItinerari 504 $aBibliografia in nota. 600 04$aMaria Magdalena,$cs.$0(OLS)http://pul/subject/14378 830 0$aItinerari (Edizioni Dehoniane).$0(OLS)http://pul/title/50224 850 $aPUL 852 $aPUL$W1$xSL Religione 3$y85$m226 TONMA 1$j193368$qDDC 21$B198879$CPULBib$Z2$F198879 $H131644 $81 941 1 $a9 960 $aMaria di Magdala,$cs.,$914378 996 $6020$a978-88-10-51067-4*$9(OLS)http://pul/number/165309 996 $6082$a226$9(OLS)http://pul/classification/421 996 $6245$aCon Maria di Magdala : $bnel giardino del Risorto / $9(OLS)http://pul/title/211335 996 $6260$aBologna :$bEdizioni Dehoniane$9(OLS)http://pul/publisher/48070